[Event "Titled Tue 27th May Late"]
[Site "chess.com INT"]
[Date "2025.05.27"]
[Round "4"]
[White "Wuebker, Paul-Luca"]
[Black "Saidov, Bilukhadzh"]
[Result "0-1"]
[WhiteTitle "CM"]
[BlackTitle "FM"]
[WhiteElo "2244"]
[BlackElo "2309"]
[WhiteFideId "12939528"]
[BlackFideId "34165476"]
[EventDate "2025.05.27"]

1. e4 c5 2. Nf3 e6 3. d4 cxd4 4. Nxd4 Nf6 5. Bd3 Nc6 6. Nxc6 bxc6 7. O-O d5 8.
c4 dxe4 9. Bc2 Qc7 10. Qe2 Bd6 11. h3 Be5 12. Nd2 Rb8 13. Rb1 e3 14. Qxe3 O-O
15. Nf3 Bd6 16. b3 c5 17. Bb2 Qe7 18. Rfe1 Bb7 19. Ne5 Rbd8 20. Re2 Ba8 21. Rbe1
Qb7 22. Qg3 Nh5 23. Qg4 f5 24. Qf3 Qxf3 25. Nxf3 Nf4 26. Re3 h6 27. g3 Nxh3+ 28.
Kg2 Ng5 29. Rc3 Nxf3 30. Rxf3 g5 31. Rxe6 g4 32. Rg6+ Kf7 33. Bxf5 Bxf3+ 34. Kh2
Ke7 35. Be6 Bb8 36. Bg7 Rd1 37. Bxf8+ Kxf8 38. Rf6+ Ke7 39. Rxf3 gxf3 40. Bd5
Rd2 41. Kg1 Be5 42. Bxf3 Bd4 43. Bd5 Rxf2 44. Kh1 Rxa2 45. g4 Kf6 0-1

[Event "Titled Tue 27th May Late"]
[Site "chess.com INT"]
[Date "2025.05.27"]
[Round "4"]
[White "Yushko, Olga"]
[Black "Medina Paz, Miguel"]
[Result "1-0"]
[WhiteTitle "WFM"]
[BlackTitle "IM"]
[WhiteElo "2036"]
[BlackElo "2368"]
[WhiteFideId "14114500"]
[BlackFideId "7300379"]
[EventDate "2025.05.27"]

1. d4 Nf6 2. c4 g6 3. Nc3 Bg7 4. Nf3 O-O 5. Bg5 h6 6. Bh4 d6 7. e3 Nbd7 8. Be2
e5 9. O-O Re8 10. Qc2 g5 11. Bg3 e4 12. Nd2 Qe7 13. Rac1 h5 14. h3 Nf8 15. Nd5
Nxd5 16. cxd5 g4 17. Qxc7 gxh3 18. Qxe7 Rxe7 19. Bxd6 Rd7 20. Nxe4 hxg2 21. Kxg2
Nh7 22. Rc7 f5 23. Rxd7 Bxd7 24. Nc5 Be8 25. Nxb7 Bf7 26. Bc4 Nf6 27. Nc5 Nxd5
28. Bb3 Rd8 29. Be5 Bf8 30. Rc1 h4 31. Nb7 Rd7 32. Nc5 Rd8 33. Kh3 Be7 34. Nd3
Be6 35. Nf4 Nxf4+ 36. Bxf4 Kf7 37. Bxe6+ Kxe6 38. b3 Kd5 39. Rc7 Bf6 40. Rxa7
Rc8 41. f3 Rc1 42. Rd7+ Ke6 43. Rd6+ Kf7 44. a4 Ra1 45. Rd7+ Kg6 46. Ra7 Ra2 47.
a5 Bd8 48. a6 Ra4 49. bxa4 1-0

[Event "Titled Tue 27th May Late"]
[Site "chess.com INT"]
[Date "2025.05.27"]
[Round "4"]
[White "Rose, Felix"]
[Black "Cervantes Landeiro, Thalia"]
[Result "0-1"]
[WhiteTitle "CM"]
[BlackTitle "FM"]
[WhiteElo "2093"]
[BlackElo "2278"]
[WhiteFideId "5105722"]
[BlackFideId "3520498"]
[EventDate "2025.05.27"]

1. e4 c5 2. Nf3 d6 3. d4 cxd4 4. Nxd4 Nf6 5. Nc3 a6 6. Be3 Ng4 7. Bc1 Nc6 8. h3
Nge5 9. f4 Nxd4 10. Qxd4 Nc6 11. Qf2 e5 12. f5 Be7 13. Be3 O-O 14. h4 b5 15.
O-O-O Bb7 16. g4 Nd4 17. a3 Rc8 18. Bd3 d5 19. Nxd5 Bxd5 20. exd5 Qxd5 21. Kb1
b4 22. axb4 Bxb4 23. f6 Rb8 24. Bxd4 exd4 25. Qf5 Qxf5 26. Bxf5 g6 27. Bd3 Bc3
28. b3 a5 29. Ka2 a4 30. Bc4 a3 31. h5 Rfe8 32. hxg6 hxg6 33. Rh6 d3 34. Rdh1
Bxf6 35. Rxg6+ Bg7 36. Rg5 dxc2 37. Rc1 Kf8 38. Rxc2 Re1 39. Rf5 Ra1# 0-1

[Event "Titled Tue 27th May Late"]
[Site "chess.com INT"]
[Date "2025.05.27"]
[Round "4"]
[White "Kukhmazov, Arsen"]
[Black "Przybylski, Wojciech"]
[Result "1-0"]
[WhiteTitle "IM"]
[BlackTitle "FM"]
[WhiteElo "2467"]
[BlackElo "2340"]
[WhiteFideId "24108260"]
[BlackFideId "1117599"]
[EventDate "2025.05.27"]

1. d4 Nf6 2. c4 e6 3. Nc3 Bb4 4. Qc2 O-O 5. e4 d6 6. e5 dxe5 7. dxe5 Nfd7 8. Nf3
Nc6 9. Bf4 Qe7 10. Bd3 h6 11. h4 Nc5 12. Be2 Ba5 13. a3 Bxc3+ 14. Qxc3 a5 15. b3
b6 16. O-O Bb7 17. Rfd1 Rfd8 18. Rxd8+ Rxd8 19. b4 axb4 20. axb4 Ne4 21. Qe3
Nxb4 22. Ra7 Bc6 23. Nd4 Qc5 24. Nxc6 Nxc6 25. Rxc7 Qxe3 26. Bxe3 Nxe5 27. Bxb6
Rd2 28. Bh5 g6 29. Be3 Rc2 30. Bd1 Rxc4 31. Rxc4 Nxc4 32. Bxh6 Kh7 33. Bc1 Ne5
34. Bc2 Nc5 35. Be3 Ncd7 36. f3 Kg7 37. Kf2 f6 38. g4 Nf7 39. Kg3 e5 40. Bb3 Nd8
41. Bd5 Nf8 42. Kf2 Nde6 43. Bc4 Nf4 44. Kg3 N8e6 45. Bd2 g5 46. h5 Kh6 47. Kf2
Kg7 48. Ke3 Nc7 49. Ke4 Ncd5 50. Bxd5 Ne2 51. Bc4 Nd4 52. Bc3 Nc6 53. Bd5 Ne7
54. Bb4 Nc8 55. Bc5 f5+ 1-0

[Event "Titled Tue 27th May Late"]
[Site "chess.com INT"]
[Date "2025.05.27"]
[Round "4"]
[White "Mei, Austin"]
[Black "Rosen, Eric"]
[Result "1/2-1/2"]
[WhiteTitle "FM"]
[BlackTitle "IM"]
[WhiteElo "2280"]
[BlackElo "2377"]
[WhiteFideId "30948479"]
[BlackFideId "2032562"]
[EventDate "2025.05.27"]

1. e4 c5 2. Nf3 Nc6 3. Bb5 d6 4. O-O Bd7 5. Nc3 a6 6. Bxc6 Bxc6 7. d4 cxd4 8.
Nxd4 Rc8 9. Bg5 h6 10. Bh4 Nf6 11. Qe2 e6 12. Rad1 Be7 13. e5 Nd5 14. Nxd5 Bxd5
15. Bxe7 Qxe7 16. Nf5 exf5 17. Rxd5 Rc5 18. Rfd1 O-O 19. Rxc5 dxc5 20. Rd5 b5
21. Qd3 Qg5 22. g3 c4 23. Qd2 Qxd2 24. Rxd2 c3 25. bxc3 Rc8 26. Rd6 a5 27. Ra6
a4 28. Rb6 Rc5 29. f4 Rxc3 30. Rxb5 Rxc2 31. Rb8+ Kh7 32. Rb7 Kg6 33. Rb6+ f6
34. exf6 gxf6 35. a3 Ra2 36. Ra6 Rxa3 37. Ra8 Ra2 38. h3 h5 39. h4 a3 40. Ra7
Kh6 41. Kh1 Kg6 42. Kg1 Ra1+ 43. Kh2 Kh6 44. Kg2 Ra2+ 45. Kh3 Ra1 46. Kg2 Kg6
47. Kh2 Ra2+ 48. Kg1 1/2-1/2

[Event "Titled Tue 27th May Late"]
[Site "chess.com INT"]
[Date "2025.05.27"]
[Round "4"]
[White "Hariharan, Shambavi"]
[Black "Zhukovskyi, Oleksandr"]
[Result "0-1"]
[WhiteTitle "WCM"]
[BlackTitle "CM"]
[WhiteElo "1892"]
[BlackElo "2153"]
[WhiteFideId "488160"]
[BlackFideId "14169371"]
[EventDate "2025.05.27"]

1. d4 Nf6 2. c4 g6 3. Nf3 Bg7 4. Nc3 d5 5. g3 O-O 6. Bg2 c6 7. cxd5 cxd5 8. O-O
Nc6 9. Ne5 Ne4 10. Nxc6 bxc6 11. Nxe4 dxe4 12. Bxe4 Bh3 13. Bg2 Bxg2 14. Kxg2
Qd5+ 15. Kg1 Bxd4 16. e3 Bf6 17. Qc2 Rab8 18. Rd1 Qf3 19. Rb1 Rb5 20. Bd2 Rd8
21. Bc3 Rbd5 22. Rxd5 Rxd5 23. Bxf6 exf6 24. Rc1 h5 25. Qc4 Rd2 26. Rf1 Rxb2 27.
a4 Rd2 28. Qc3 Rd1 29. Rxd1 Qxd1+ 30. Kg2 Qxa4 31. Qxf6 Qe4+ 32. Kg1 Qd5 33. Qe7
a5 34. e4 Qe6 35. Qd8+ Kh7 36. Qxa5 Qxe4 37. Qc7 Qd5 38. h4 c5 39. Kh2 Kg7 40.
f4 c4 41. f5 gxf5 42. Qe7 Qd2+ 43. Kh3 c3 44. Qe5+ Kg6 45. Qd6+ Qxd6 0-1

[Event "Titled Tue 27th May Late"]
[Site "chess.com INT"]
[Date "2025.05.27"]
[Round "4"]
[White "Mgeladze, Tamaz"]
[Black "Elier, Ali"]
[Result "1-0"]
[WhiteTitle "IM"]
[BlackTitle "CM"]
[WhiteElo "2388"]
[BlackElo "2142"]
[WhiteFideId "13601202"]
[BlackFideId "16217543"]
[EventDate "2025.05.27"]

1. c4 e6 2. g3 Nf6 3. Bg2 d5 4. Nf3 Be7 5. O-O O-O 6. b3 c5 7. e3 Nc6 8. Bb2 b6
9. Nc3 Bb7 10. cxd5 Nxd5 11. Nxd5 exd5 12. d4 Bf6 13. Qd2 cxd4 14. Nxd4 Nxd4 15.
Bxd4 Rc8 16. Rac1 Bxd4 17. Qxd4 Qd6 18. Rfd1 Qa3 19. Qd2 h6 20. h4 Rfd8 21. Rxc8
Rxc8 22. Qe2 Rc5 23. Rd2 Ba6 24. Qe1 Rc1 25. Rd1 Rc2 26. Rxd5 Rc1 27. Rd1 Rxd1
28. Qxd1 Qxa2 29. Qd8+ Kh7 30. Be4+ g6 31. h5 Qa1+ 32. Kh2 Qb2 33. Kg2 Qe5 34.
hxg6+ Kg7 35. Bf3 Qa1 36. Kh2 Qf1 37. Qd4+ Kxg6 38. Be4+ f5 39. Qd6+ Kg7 40.
Qd7+ Kg8 41. Bd5+ Kh8 42. Qe8+ Kg7 43. Qe5+ Kg6 44. Qe6+ Kg5 45. Qe7+ Kg6 46.
Qf7+ Kg5 47. Qg7+ Kh5 48. Bf7# 1-0

[Event "Titled Tue 27th May Late"]
[Site "chess.com INT"]
[Date "2025.05.27"]
[Round "4"]
[White "Yevchenko, Oleksandr"]
[Black "Ozcan, Kaan"]
[Result "0-1"]
[WhiteTitle "CM"]
[BlackTitle "FM"]
[WhiteElo "2276"]
[BlackElo "2230"]
[WhiteFideId "14108267"]
[BlackFideId "34566422"]
[EventDate "2025.05.27"]

1. c4 e5 2. Nc3 Nf6 3. Nf3 Nc6 4. e3 Bb4 5. Qc2 O-O 6. Nd5 Be7 7. a3 d6 8. Bd3
h6 9. b3 Be6 10. Nxf6+ Bxf6 11. Bb2 Qe7 12. O-O Rae8 13. Bh7+ Kh8 14. Bf5 g6 15.
Bxe6 Qxe6 16. Rfe1 Bg7 17. d4 Qg4 18. h3 Qd7 19. dxe5 Nxe5 20. Nxe5 dxe5 21.
Rad1 Qe7 22. Rd2 f5 23. Red1 Rf7 24. b4 Kh7 25. b5 Qg5 26. Rd5 f4 27. exf4 Qxf4
28. Rd7 Ree7 29. Rxe7 Rxe7 30. Qe2 h5 31. a4 b6 32. Rd5 h4 33. Qe3 Qxe3 34. fxe3
Kh6 35. e4 Kg5 36. Kf2 Kf4 37. Rd8 Kxe4 38. Ra8 Kd3 39. c5 bxc5 40. Rxa7 c4 41.
b6 c3 42. Ba3 Rf7+ 43. Kg1 e4 44. Rxc7 Bd4+ 45. Kh2 Be5+ 46. Kg1 Bxc7 47. bxc7
Rxc7 0-1

[Event "Titled Tue 27th May Late"]
[Site "chess.com INT"]
[Date "2025.05.27"]
[Round "4"]
[White "Eames, Robert S"]
[Black "Fedorov, Artem Alek"]
[Result "0-1"]
[WhiteTitle "FM"]
[BlackTitle "CM"]
[WhiteElo "2136"]
[BlackElo "2198"]
[WhiteFideId "408743"]
[BlackFideId "34418431"]
[EventDate "2025.05.27"]

1. e4 c5 2. Nf3 e6 3. d4 cxd4 4. Nxd4 Nf6 5. Nc3 Nc6 6. Ndb5 Bc5 7. Nd6+ Ke7 8.
Bf4 e5 9. Nf5+ Kf8 10. Be3 Bb4 11. Qf3 d5 12. exd5 Nxd5 13. O-O-O Bxf5 14. Nxd5
Qc8 15. Bd3 Bg4 16. Qe4 f5 17. Qc4 Bxd1 18. Nxb4 Bh5 19. Bc5+ Ke8 20. Re1 Bf7
21. Qh4 Qe6 22. Nxc6 bxc6 23. Bxf5 Qf6 24. Qe4 Bd5 25. Qxe5+ Qxe5 26. Rxe5+ Kf7
27. Re7+ Kf6 28. Bd3 Rhe8 29. Rc7 Bxg2 30. Bd4+ Ke6 31. Rxg7 Rg8 32. Rxh7 Bd5
33. Rh6+ Ke7 34. c4 Bf7 35. Bc5+ Kd7 36. Rh7 Ke6 37. b3 Rad8 38. Kc2 Rxd3 39.
Rh6+ Bg6 40. Rxg6+ Rxg6 41. Kxd3 Rh6 42. a4 Rxh2 43. b4 Rh3+ 44. Kd4 Rh4+ 45.
Kc3 Ke5 46. a5 Rh3+ 0-1

[Event "Titled Tue 27th May Late"]
[Site "chess.com INT"]
[Date "2025.05.27"]
[Round "4"]
[White "Moroni, Luca Jr"]
[Black "Povshednyi, Ivan"]
[Result "1-0"]
[WhiteTitle "GM"]
[BlackTitle "FM"]
[WhiteElo "2546"]
[BlackElo "2320"]
[WhiteFideId "865834"]
[BlackFideId "14190907"]
[EventDate "2025.05.27"]

1. d4 Nf6 2. Bf4 e6 3. e3 c5 4. Nf3 cxd4 5. exd4 b6 6. Nc3 Bb7 7. a4 a6 8. Bd3
Bb4 9. O-O O-O 10. Qe2 Be7 11. Rfe1 d6 12. Ne4 Nxe4 13. Bxe4 Bxe4 14. Qxe4 Nd7
15. Qd3 d5 16. c3 h6 17. Ne5 Nxe5 18. Bxe5 Bf6 19. Bf4 Qd7 20. Qg3 Kh7 21. h4 b5
22. axb5 axb5 23. h5 b4 24. Bd6 Rxa1 25. Rxa1 Rc8 26. Bxb4 Qc7 27. Qxc7 Rxc7 28.
f4 g6 29. g4 gxh5 30. gxh5 Rb7 31. Ra4 Bd8 32. Kf2 Kg7 33. Kf3 Bb6 34. Ra8 Kf6
35. Bd6 Kg7 36. Rb8 Rxb8 37. Bxb8 Kf6 38. Kg4 Ke7 39. f5 Kf6 40. Be5+ Ke7 41.
Bf4 Kf6 42. fxe6 Kxe6 43. Bxh6 f5+ 44. Kf3 Bd8 45. Bf4 Bh4 46. Ke2 Kf6 47. b3
Kf7 48. c4 Bf6 49. Kd3 Bd8 50. c5 Ba5 51. h6 Kg6 52. c6 1-0

[Event "Titled Tue 27th May Late"]
[Site "chess.com INT"]
[Date "2025.05.27"]
[Round "4"]
[White "Alvarado, Carlos"]
[Black "Ebrahimi Herab, Hamidreza"]
[Result "0-1"]
[WhiteTitle "CM"]
[BlackTitle "FM"]
[WhiteElo "2032"]
[BlackElo "2404"]
[WhiteFideId "3800555"]
[BlackFideId "22512888"]
[EventDate "2025.05.27"]

1. Nf3 Nf6 2. d4 g6 3. Bg5 Bg7 4. Nbd2 d5 5. c3 O-O 6. e3 b6 7. a4 a5 8. Bd3 Bb7
9. Bxf6 Bxf6 10. O-O Nd7 11. e4 dxe4 12. Bxe4 Qc8 13. Re1 c5 14. Bxb7 Qxb7 15.
Ne4 Bg7 16. Qb3 cxd4 17. Nxd4 Bxd4 18. cxd4 Rac8 19. Ng5 e6 20. h4 Nf6 21. Rac1
h6 22. Nf3 Nd5 23. Ne5 Rxc1 24. Rxc1 Rc8 25. Rxc8+ Qxc8 26. Qc4 Qd8 27. g3 Kg7
28. Qc6 Qf6 29. Qb7 g5 30. h5 Qe7 31. Qc8 Qc7 32. Qe8 Nf6 33. Qb5 Nxh5 34. Nc4
Nf6 35. Nxb6 Qc2 36. Qe5 Kg6 37. Qxa5 Qxb2 38. Qb5 Qxd4 39. a5 Ne4 40. Qe2 Nxg3
41. Qe3 Qa1+ 42. Kg2 Nf5 43. Qc5 Nh4+ 44. Kh2 Qf1 45. Qc2+ f5 46. Qc6 Qxf2+ 47.
Kh1 Qe1+ 48. Kh2 Qe2+ 49. Kh1 Kh5 50. Nd7 Qf1+ 51. Kh2 Nf3+ 52. Kg3 f4# 0-1

[Event "Titled Tue 27th May Late"]
[Site "chess.com INT"]
[Date "2025.05.27"]
[Round "4"]
[White "Chassard, Cedric"]
[Black "Reinecke, Katharina"]
[Result "1-0"]
[WhiteTitle "FM"]
[BlackTitle "WCM"]
[WhiteElo "2250"]
[BlackElo "1921"]
[WhiteFideId "16243536"]
[BlackFideId "12929727"]
[EventDate "2025.05.27"]

1. e4 c6 2. Ke2 d5 3. d3 e5 4. g3 Bc5 5. Bg2 Qf6 6. Be3 d4 7. Bd2 Nh6 8. f3 O-O
9. Bh3 Bd6 10. Bxc8 Rxc8 11. Qf1 c5 12. b3 b5 13. a4 c4 14. axb5 cxd3+ 15. cxd3
Nd7 16. Na3 Qe7 17. Nc4 Nc5 18. Qb1 f5 19. Nh3 fxe4 20. fxe4 Ng4 21. Bg5 Qd7 22.
Qf1 Rf8 23. Qg2 Nxb3 24. Rab1 Nc5 25. Rhf1 h6 26. Rxf8+ Rxf8 27. Bd2 Ne6 28. Rf1
Rxf1 29. Qxf1 Nf6 30. Qf5 Qe7 31. Nxe5 Bxe5 32. Qxe5 Ng4 33. Qb8+ Kh7 34. Nf4
Nxf4+ 35. Qxf4 Nf6 36. Qf5+ Kh8 37. Qc8+ Kh7 38. Bf4 Qa3 39. Qc2 Qb4 40. Qc4
Qb2+ 41. Bd2 Ng4 42. Qb4 Qa2 43. Qxd4 Nxh2 44. e5 Qb1 45. Qe4+ Kh8 46. Qa8+ Kh7
47. Qg2 1-0

[Event "Titled Tue 27th May Late"]
[Site "chess.com INT"]
[Date "2025.05.27"]
[Round "4"]
[White "Plat, Vojtech"]
[Black "Le, Quang Liem"]
[Result "1/2-1/2"]
[WhiteTitle "GM"]
[BlackTitle "GM"]
[WhiteElo "2482"]
[BlackElo "2729"]
[WhiteFideId "325740"]
[BlackFideId "12401137"]
[EventDate "2025.05.27"]

1. e4 e5 2. Nf3 Nc6 3. Bb5 a6 4. Ba4 Nge7 5. O-O Ng6 6. c3 d5 7. exd5 Qxd5 8. d4
Bg4 9. Bb3 Qd7 10. dxe5 Qxd1 11. Bxd1 O-O-O 12. Bg5 Re8 13. Nbd2 h6 14. Be3
Ngxe5 15. Nxe5 Nxe5 16. Bd4 Bxd1 17. Raxd1 Nc6 18. Be3 f5 19. Nf3 g5 20. Nd4 f4
21. Bc1 Nxd4 22. Rxd4 Bc5 23. Rd2 a5 24. Rfd1 b6 25. Kf1 Kb7 26. Re2 Kc6 27.
Rde1 Rxe2 28. Rxe2 Rd8 29. Rd2 Rf8 30. Rd3 b5 31. h3 h5 32. Rf3 Kd5 33. h4 g4
34. Rxf4 Rxf4 35. Bxf4 Ke4 36. Bxc7 Kd3 37. Bxa5 Kc2 38. b3 Kb2 39. a4 Kxb3 40.
axb5 Ka4 41. Bb4 Bb6 42. f3 gxf3 43. gxf3 Kxb5 44. Be7 Kc4 45. Bf6 Kd3 46. Kg2
Bc7 47. Bd4 Bf4 48. Kf2 Bd6 49. Bf6 Bf4 50. Bg5 Be5 51. f4 Bxc3 52. Kf3 Bb4 53.
f5 Kd4 54. Bf6+ Kd5 55. Bb2 Bd6 56. f6 Ke6 57. Ke4 Bg3 58. Bc3 Bxh4 59. Bd4 Bg5
60. Kf3 Bxf6 61. Bxf6 Kxf6 62. Kg3 Kg5 63. Kh3 h4 64. Kh2 Kh5 65. Kg2 Kg5 66.
Kh2 Kg4 67. Kg2 h3+ 68. Kh2 Kh4 69. Kh1 Kg3 70. Kg1 h2+ 71. Kh1 Kf3 72. Kxh2 1/2-1/2

[Event "Titled Tue 27th May Late"]
[Site "chess.com INT"]
[Date "2025.05.27"]
[Round "4"]
[White "Hoeffer, David"]
[Black "Tahbaz, Arash"]
[Result "0-1"]
[WhiteTitle "FM"]
[BlackTitle "IM"]
[WhiteElo "2295"]
[BlackElo "2462"]
[WhiteFideId "24606766"]
[BlackFideId "12528846"]
[EventDate "2025.05.27"]

1. d4 d6 2. e4 Nf6 3. Nc3 e5 4. Nf3 Nbd7 5. Bc4 Be7 6. O-O O-O 7. a4 c6 8. Re1
a5 9. h3 Re8 10. Be3 exd4 11. Bxd4 Bf8 12. Ng5 Re7 13. e5 d5 14. exf6 Rxe1+ 15.
Qxe1 gxf6 16. Nxh7 Kxh7 17. Bd3+ Kg8 18. Qe2 Ne5 19. Bxe5 fxe5 20. Qxe5 Bg7 21.
Qh5 Kf8 22. Re1 Qf6 23. Nd1 Be6 24. c3 Re8 25. Ne3 Qf4 26. g3 Qxa4 27. Nf5 Bxf5
28. Rxe8+ Kxe8 29. Qxf5 Qa1+ 30. Kg2 Qxb2 31. Qc8+ Ke7 32. Qc7+ Ke8 33. Bf5 Bf6
34. Qxa5 Bxc3 35. Qa8+ Ke7 36. Bc8 Bd4 37. Qxb7+ Qxb7 38. Bxb7 Kd6 39. f4 c5 40.
Kf3 c4 41. Ke2 Kc5 42. h4 Bg7 43. g4 d4 44. Ba6 d3+ 45. Ke3 Bb2 46. g5 Bc1+ 47.
Kf3 Bxf4 48. Bb7 c3 49. Kxf4 c2 50. h5 c1=Q+ 51. Kf5 Qf1+ 52. Ke5 d2 53. h6 d1=Q 0-1

[Event "Titled Tue 27th May Late"]
[Site "chess.com INT"]
[Date "2025.05.27"]
[Round "4"]
[White "Kosakowski, Jakub"]
[Black "Svane, Frederik"]
[Result "0-1"]
[WhiteTitle "GM"]
[BlackTitle "GM"]
[WhiteElo "2530"]
[BlackElo "2671"]
[WhiteFideId "1185080"]
[BlackFideId "12923044"]
[EventDate "2025.05.27"]

1. e4 e5 2. Nf3 Nc6 3. d4 exd4 4. Nxd4 Qf6 5. Ne2 Bc5 6. Nf4 Nge7 7. Nc3 d6 8.
Be2 g5 9. Nd3 Bb6 10. O-O Bd7 11. Na4 O-O-O 12. Nxb6+ axb6 13. Be3 d5 14. e5
Nxe5 15. Nxe5 Qxe5 16. Bd4 Qd6 17. Bxh8 Rxh8 18. Re1 h5 19. a4 Nc6 20. Qd2 f6
21. Rad1 Ne7 22. a5 b5 23. Qe3 Nf5 24. Qa7 c6 25. a6 Qb8 26. axb7+ Qxb7 27. Qc5
Kc7 28. Ra1 Ra8 29. Bd3 Nd6 30. Qd4 f5 31. f3 f4 32. b3 h4 33. Rxa8 Qxa8 34. Ra1
Qe8 35. c4 Qe3+ 36. Qxe3 fxe3 37. Ra7+ Nb7 38. cxd5 cxd5 39. Kf1 Kb6 40. Ra8 Nc5
41. Ke2 d4 42. Rg8 Be6 43. Rg6 Ka5 44. Rxg5 Kb4 45. Re5 Bxb3 46. g3 hxg3 47.
hxg3 Bc4 48. Bxc4 bxc4 49. g4 c3 50. Kd1 d3 51. Rxe3 c2+ 0-1

[Event "Titled Tue 27th May Late"]
[Site "chess.com INT"]
[Date "2025.05.27"]
[Round "4"]
[White "Morris-Suzuki, Alan H"]
[Black "Gutkin, Ilya"]
[Result "1-0"]
[BlackTitle "FM"]
[WhiteElo "1986"]
[BlackElo "2320"]
[WhiteFideId "30933218"]
[BlackFideId "16203470"]
[EventDate "2025.05.27"]

1. Nf3 c5 2. d4 cxd4 3. Qxd4 Nc6 4. Qa4 d5 5. e4 dxe4 6. Qxe4 Nf6 7. Qh4 Bf5 8.
Bb5 Rc8 9. O-O a6 10. Ba4 b5 11. Bb3 e6 12. Nc3 Be7 13. Rd1 Qc7 14. Bf4 Qb7 15.
Bd6 O-O 16. Bxe7 Nxe7 17. Nd4 Bg6 18. Qg5 Qb6 19. a4 b4 20. a5 Qc5 21. Qxc5 Rxc5
22. Na4 Rc7 23. Nb6 Nf5 24. Nf3 Ne4 25. Ne5 Nc5 26. Bc4 Ne7 27. Bf1 Nc6 28. Nxc6
Rxc6 29. Rac1 Ne4 30. Bd3 Nd6 31. Bxa6 h6 32. Bd3 Bxd3 33. Rxd3 Ne4 34. Rb3 Rd8
35. f3 Nd2 36. Ra1 Nxb3 37. cxb3 Rc5 38. a6 Rcc8 39. Nxc8 Rxc8 40. Ra4 Ra8 41.
Kf2 Kf8 42. Ke3 Ke7 43. Kd4 Kd6 44. Kc4 Kc6 45. Kxb4 Kb6 46. Kc4 Rxa6 47. Rxa6+
Kxa6 48. Kc5 Kb7 49. Kd6 Kb6 50. Ke7 Kb5 51. Kxf7 Kb4 52. Kxe6 Kxb3 53. Kf7 Kxb2
54. Kxg7 Kc3 55. Kxh6 Kd3 56. f4 Ke3 57. f5 Kf2 58. f6 1-0

[Event "Titled Tue 27th May Late"]
[Site "chess.com INT"]
[Date "2025.05.27"]
[Round "4"]
[White "Erece, Ece Alkim"]
[Black "Vlassov, Nikolai"]
[Result "0-1"]
[WhiteTitle "WCM"]
[BlackTitle "IM"]
[WhiteElo "1843"]
[BlackElo "2291"]
[WhiteFideId "6346006"]
[BlackFideId "4103360"]
[EventDate "2025.05.27"]

1. e4 Nc6 2. Nf3 d5 3. exd5 Qxd5 4. Nc3 Qa5 5. h3 Nf6 6. Bc4 e5 7. d3 Bb4 8. Bd2
O-O 9. O-O Bf5 10. a3 Bxc3 11. Bxc3 Qc5 12. Re1 Rfe8 13. b4 Qd6 14. b5 Nd4 15.
Bb4 c5 16. bxc6 Qxc6 17. Nxe5 Rxe5 18. Rxe5 Bxh3 19. Rg5 b5 20. Bb3 Nxb3 21.
cxb3 Be6 22. Rc1 Qd7 23. Qf3 Nd5 24. Bc3 Rc8 25. Bd2 Rxc1+ 26. Bxc1 h6 27. Rg3
Kh7 28. Bb2 f6 29. Qe2 Bf5 30. b4 Qd6 31. Rh3 Nf4 32. Qf3 Bxh3 33. gxh3 g5 34.
d4 Qd5 35. Qxd5 Nxd5 36. Kg2 Kg6 37. Kf3 Kf5 38. Bc1 h5 39. Kg3 Ke4 40. h4 g4
41. Bb2 f5 42. Ba1 f4+ 43. Kg2 Kd3 44. Bb2 Kc2 45. Ba1 Kb1 46. f3 g3 0-1

[Event "Titled Tue 27th May Late"]
[Site "chess.com INT"]
[Date "2025.05.27"]
[Round "4"]
[White "Khalafova, Narmin"]
[Black "Leiva, Gianmarco"]
[Result "0-1"]
[WhiteTitle "WGM"]
[BlackTitle "IM"]
[WhiteElo "2248"]
[BlackElo "2387"]
[WhiteFideId "13402625"]
[BlackFideId "3804399"]
[EventDate "2025.05.27"]

1. e4 c5 2. Nf3 d6 3. d4 cxd4 4. Nxd4 Nf6 5. Nc3 a6 6. Bc4 e6 7. Bb3 b5 8. Qf3
Qb6 9. Be3 Qb7 10. O-O-O Nbd7 11. Rhe1 Be7 12. Qg3 O-O 13. Bxe6 fxe6 14. Nxe6
Rf7 15. Nd5 Nxe4 16. Qh3 Ndf6 17. Ndc7 Bf8 18. f3 Rxc7 19. fxe4 Re7 20. Rxd6 Re8
21. Rb6 Qxe4 22. Bd2 Qd5 23. Qb3 Bxe6 24. Rbxe6 Qxb3 25. axb3 Kf7 26. Rb6 Rxe1+
27. Bxe1 Re8 28. Bd2 Re6 29. Rb7+ Be7 30. c3 Re2 31. c4 Rxg2 32. c5 Ke6 33. c6
Bd6 34. c7 Kd7 35. Ba5 Nd5 36. Kb1 Nxc7 37. Ra7 Rxh2 38. Bxc7 Rh1+ 39. Ka2 Bxc7
40. Rxa6 Rh6 41. Ra8 Rb6 42. Rg8 Rg6 43. Kb1 h5 44. Kc2 h4 45. Rh8 Rh6 46. Rg8
Rh7 47. Rxg7+ Rxg7 48. Kd3 h3 49. Ke4 h2 50. Kf5 h1=Q 0-1

[Event "Titled Tue 27th May Late"]
[Site "chess.com INT"]
[Date "2025.05.27"]
[Round "4"]
[White "Leinov, Roman"]
[Black "Dudzinski, Pawel"]
[Result "0-1"]
[WhiteTitle "CM"]
[BlackTitle "FM"]
[WhiteElo "2120"]
[BlackElo "2191"]
[WhiteFideId "13504649"]
[BlackFideId "1117890"]
[EventDate "2025.05.27"]

1. Nf3 g6 2. g3 Bg7 3. Bg2 e5 4. O-O Nc6 5. c4 Nge7 6. Nc3 O-O 7. d3 h6 8. Rb1
d5 9. cxd5 Nxd5 10. Bd2 Be6 11. a3 Nce7 12. b4 c6 13. Ne4 b6 14. Qa4 f5 15. Nc3
Nxc3 16. Bxc3 e4 17. Bxg7 exf3 18. Bxf8 fxg2 19. Kxg2 Kxf8 20. Rbc1 Kg7 21. Qc2
Kh7 22. Qc3 Bd5+ 23. Kg1 Qd6 24. Rfd1 f4 25. Qd4 fxg3 26. hxg3 Qe6 27. e4 Bb3
28. Rd2 g5 29. Qe3 Ng6 30. d4 Rf8 31. d5 cxd5 32. Qxb3 Ne5 33. Rc7+ Kg6 34. exd5
Nf3+ 35. Kg2 Qe4 36. Qc2 Ne1+ 37. Kf1 Nxc2 38. Rdxc2 Rf6 39. R7c6 Qh1+ 40. Ke2
Qe4+ 41. Kd2 Qxd5+ 42. Kc1 Rxc6 43. Rxc6+ Qxc6+ 44. Kb2 Qa4 45. Kc3 g4 46. Kc4
Kf5 47. Kc3 Ke5 48. Kc4 Ke4 49. Kc3 Kf3 50. Kc4 Kxf2 51. Kc3 Kxg3 52. Kc4 Kf3 0-1

[Event "Titled Tue 27th May Late"]
[Site "chess.com INT"]
[Date "2025.05.27"]
[Round "4"]
[White "Hiwale, Ronak"]
[Black "Diaz Cesar, Wilsaida Pieranlly"]
[Result "1-0"]
[BlackTitle "WFM"]
[WhiteElo "2105"]
[BlackElo "1892"]
[WhiteFideId "30975336"]
[BlackFideId "6403557"]
[EventDate "2025.05.27"]

1. Nf3 Nf6 2. g3 d6 3. Bg2 g6 4. O-O Bg7 5. d3 O-O 6. Nc3 c6 7. e4 Qa5 8. Bd2
Qh5 9. Re1 Bg4 10. d4 e5 11. dxe5 dxe5 12. Be3 Nbd7 13. Qe2 Rfe8 14. Rad1 Nf8
15. Bc5 Ne6 16. Bd6 Nd4 17. Qe3 Nxf3+ 18. Bxf3 Bxf3 19. Rd3 Bg4 20. Na4 Be6 21.
f3 b6 22. Bb4 Bc4 23. Rdd1 Bh6 24. Qf2 Rad8 25. b3 Ba6 26. Nb2 Bf8 27. Bxf8 Rxf8
28. c4 Bc8 29. Qe2 Qg5 30. Nd3 h5 31. Kh1 Rd4 32. Nf2 Rfd8 33. Rxd4 Rxd4 34. Rd1
c5 35. Rxd4 cxd4 36. Nd3 h4 37. Kg2 hxg3 38. hxg3 Nh5 39. Qf2 Nf4+ 40. Nxf4 exf4
41. g4 Bxg4 42. fxg4 Qxg4+ 43. Kh2 d3 44. Qd4 Qg3+ 45. Kh1 Qe3 46. Qd8+ Kg7 47.
e5 Qxe5 48. Qxd3 g5 49. Kg2 g4 50. b4 Qb2+ 51. Kf1 g3 52. Qf3 Qf2+ 53. Qxf2 Kf6
54. Qxf4+ 1-0